Translate Jane Austen 1 Quiz Stats

 Plays Quiz not verified by Sporcle

Also try: First Novels
Challenge
Share
Tweet
Embed
Score 0/20 Timer 05:00
0 Plays Today
% Correct
Everyone knows rich men are always desperate for wives.
95%
I can't fight this feeling any more. I love you so much.
94.2%
She's only a 5. I'll only dance with a 10.
92.8%
I am not his inferior!
92.4%
Why the hell would you tell me that you love me but really don't want to!
92.1%
Yeah! I broke them up! What of it?
91.9%
I haven't changed my mind but if you say no I will leave you alone
90.4%
Oh please stop! Just stop!
89.5%
How can anyone be in a bad mood in these surroundings.
85.1%
I REALLY bear a grudge
84.8%
% Correct
Is my family to suffer this embarrassment?
84.4%
You have made me a better man!
83.8%
You what?
82.6%
I know I am a very grumpy bugger!
81.8%
Look I said no! What else do you need?
79%
You are such a hater!
77.9%
And lately I have come to really hate you
77.3%
And you are so judgy
76.7%
Nah!
72.3%
I knew you were trouble when you walked in
51.7%

You're not logged in!

Compare scores with friends on all Sporcle quizzes.
OR
Log In

You Might Also Like...

Show Comments

Extras

Top Quizzes Today


Score Distribution

Your Account Isn't Verified!

In order to create a playlist on Sporcle, you need to verify the email address you used during registration. Go to your Sporcle Settings to finish the process.

Report this User

Report this user for behavior that violates our Community Guidelines.

Details: